| 000 | 00000nas 2200000za 4500 |
| 001 | 9.817910 |
| 003 | CaOODSP |
| 005 | 20221107142604 |
| 007 | cr ||||||||||| |
| 008 | 160518d19851988oncqr p oss f000#a0eng|d |
| 022 | |y0829-7533 |
| 040 | |aCaOODSP|beng |
| 041 | |aeng|afre |
| 043 | |an-cn--- |
| 086 | 1 |aCS53-007-PDF |
| 245 | 00|aFuel consumption survey, passenger cars, light trucks and vans |h[electronic resource] / |cStatistics Canada, Household Surveys Division, Special Surveys Program = Enquête sur la consommation de carburant, automobiles, camionnettes et fourgonnettes / Statistique Canada, Division des enquêtes-ménages, Programme des enquêtes spéciales. |
| 246 | 10|aFuel consumption survey, passenger cars |
| 246 | 11|aEnquête sur la consommation de carburant, automobiles, camionnettes et fourgonnettes |
| 260 | |aOttawa : |bStatistics Canada = Statistique Canada, |c1986-1989. |
| 310 | |aQuarterly |
| 362 | 0 |aVol. 2, no. 1 (Jan./Mar. 1985)-v. 5, no. 4 (Oct./Dec. 1988). |
| 500 | |aDigitized edition from print [produced by Statistics Canada]. |
| 500 | |aIssues for Jan./Mar. 1988-Oct./Dec. l988 have title: Fuel consumption survey, passenger cars. |
| 546 | |aText in English and French. |
| 550 | |aIssues for Jan./Mar. 1985-Oct./Dec. 1986 published by Special Surveys Program; Jan./Mar. 1987-Oct./Dec. 1988 by Family Expenditure Surveys Section. |
| 580 | |aMerger of: Passenger car fuel consumption survey; and, Fuel consumption survey, light trucks and vans. |
| 692 | 07|2gccst|aFuels |
| 692 | 07|2gccst|aMotor vehicles |
| 692 | 07|2gccst|aAutomobiles |
| 692 | 07|2gccst|aTrucks |
| 710 | 2 |aStatistics Canada.|bSpecial Surveys Program. |
| 710 | 2 |aStatistics Canada.|bFamily Expenditure Surveys Section. |
| 780 | 00|tPassenger car fuel consumption survey |w(CaOODSP)9.817897 |
| 780 | 00|tFuel Consumption Survey, light trucks and vans |w(CaOODSP)9.823285 |
| 792 | |tFuel consumption survey, passenger cars, light trucks and vans |efre|w(CaOODSP)9.817930 |